Física (Record no. 63657)

MARC details
000 -LEADER
campo de control de longitud fija 00932nam a2200253 i 4500
001 - NÚMERO DE CONTROL
campo de control 63657
003 - IDENTIFICADOR DE NÚMERO DE CONTROL
campo de control ES-MaACL
007 - CAMPO FIJO DE DESCRIPCIÓN FÍSICA--INFORMACIÓN GENERAL
campo de control de longitud fija t|
008 - DATOS DE LONGITUD FIJA--INFORMACIÓN GENERAL
campo de control de longitud fija 031215s1971 ck ||||1| spa d
100 1# - ENTRADA PRINCIPAL--NOMBRE DE PERSONA
Nombre de persona Feynman, Richard Phillips.
9 (RLIN) 50660
245 10 - MENCIÓN DEL TÍTULO
Título Física
Resto del título : lectures on physics /
Mención de responsabilidad, etc. Richard P. Feynman, Robert B. Leighton, Matthew Sands ; versión en español de Enrique Oelker L. ... [et al.].
260 ## - PUBLICACIÓN, DISTRIBUCIÓN, ETC.
Lugar de publicación, distribución, etc. Bogotá :
Nombre del editor, distribuidor, etc. Fondo Educativo Interamericano,
Fecha de publicación, distribución, etc. 1971.
300 ## - DESCRIPCIÓN FÍSICA
Extensión 2 v. ;
Dimensiones 21 cm.
490 1# - MENCIÓN DE SERIE
Mención de serie Bilingüe
505 8# - NOTA DE CONTENIDO CON FORMATO
Nota de contenido con formato Contiene: V. I: Mecánica, radiación y calor. -- V. II: Electromagnetismo y materia
700 1# - ENTRADA AGREGADA--NOMBRE PERSONAL
Nombre de persona Leighton, Robert B.
9 (RLIN) 71377
700 1# - ENTRADA AGREGADA--NOMBRE PERSONAL
Nombre de persona Sands, Matthew.
9 (RLIN) 103122
700 1# - ENTRADA AGREGADA--NOMBRE PERSONAL
Nombre de persona Oelker L., Enrique.
9 (RLIN) 86547
740 0# - ENTRADA AGREGADA--TÍTULO RELACIONADO/ANALÍTICO NO CONTROLADO
Título relacionado o analítico no controlado Mecánica, radiación y calor.
740 0# - ENTRADA AGREGADA--TÍTULO RELACIONADO/ANALÍTICO NO CONTROLADO
Título relacionado o analítico no controlado Electromagnetismo y materia.
830 0# - PUNTO DE ACCESO ADICIONAL DE SERIE-TÍTULO UNIFORME
Título uniforme Bilingüe
9 (RLIN) 230682
852 ## - LOCALIZACIÓN
Ubicación ES-MaACL
Número de control de estantería L-8068-9
Sublocalización o colección R.108588
Holdings
Estatus retirado Estado de pérdida Estado de daño No para préstamo Biblioteca de origen Biblioteca actual Ubicación en estantería Fecha de adquisición Fuente de adquisición Total de préstamos Signatura topográfica completa Código de barras Visto por última vez Precio de reemplazo Tipo de ítem Koha
        Biblioteca del Ateneo de Madrid Biblioteca del Ateneo de Madrid Depósito 2 17/01/2008     L-8068-9 1066717 23/02/2023 23/02/2023 Libro impreso